00370nam a2200121Ia 4500008004100000040001900041041001200060082002900072100005500101245004700156700003500203850001000238131103s9999 xx 000 0 und d aLoreto College aEnglish a342.947/CONbLCLIB/43677 aWest Bengal Political Science Association, Kolkata 4aThe constitution of the Russian Federation aDe, Swadhin, General Secretary aLCLIB